00797nam a2200217 a 450000100100000000500170001000800410002702000150006804000250008308200170010810000350012524500640016026000320022430000370025650400330029360000400032660000710036604900090043795201160044699900170056200002221820200930011633.0100920s2000 sp ac 000 0 spa d a8475560369 aDO-SdBNPbspacBNPHU a928.1bP281l1 aPascual, Arturo Marcelo94595313aEl lector de... Ernest Hemingway /cArturo Marcelo Pascual. aBarcelona :bOceano,c2000. a155 p. :bil. ; retrs. ;c21 cm. aBibliografías : p. 141-14514aHEMINGWAY, ERNEST,d1899-19619909114aHEMINGWAY, ERNEST,d1899-1961xCRÍTICA E INTERPRETACIÓN945954 aBNPD 0010507-18MOaPDbPDcOId2010-09-20iLF1l0o928.1 P281lp22218-10r2020-06-25w2020-06-25y1ZNo se presta c21716d21716